Most Popular Boys Names ending in each letter - Statistics

General Stats
  • This quiz has been taken 118 times
  • The average score is 8 of 26
Answer Stats
Hint Answer % Correct
B Jacob
63%
H Noah
60%
D David
58%
M Liam
55%
R Oliver
55%
K Jack
53%
S James
50%
W Matthew
49%
L Michael
46%
Y Henry
45%
N Benjamin
36%
P Philip
35%
X Max
33%
C Isaac
29%
I Levi
28%
O Mateo
17%
E Theodore
14%
A Ezra
13%
Q Tariq
12%
T Wyatt
10%
J Tahj
4%
U Beau
3%
G King
3%
F Yusuf
3%
V Aarav
1%
Z Cruz
0%
No matching quizzes found
Score Distribution
Percent of People with Each Score
Percentile by Number Answered
Your Score History
You have not taken this quiz